LEADER 01134nam a2200265 i 4500 001 000000161600 003 CaOOAMICUS 005 20080131000000.0 008 080131s1973 it u000 u ita u 013 $a138963 040 $aSeMil$bita 245 13$aLa Sardegna /$cA cura di Manlio Brigaglia. 260 $aNovara :$bIstituto Geografico De Agostini,$ccopyr. 1973. 300 $a64 p. :$briccamente ill. ;$c31 cm. 490 0 $aI documentari ;$v61. Visioni d'Italia 500 $aIn mezzo al front. : Omaggio dell'Assessorato al Turismo della Regione Sarda. - Fondo Card. Giovanni Colombo. 650 4$aSardegna.$0(OLS)http://semarc/subject/2008 700 1 $aBrigaglia, Manlio.$0(OLS)http://semarc/name/42698 830 2$aI documentari ;$v61. Visioni d'Italia.$0(OLS)http://semarc/title/15657 850 $aSeMil 852 $aSeMil$W1$xVenegono$y1$m4Y VI 119$j112987$B112987$CSeMilBibl$Z2$F131470 $81 941 1 $a3 961 $aLascito: Colombo Card. Giovanni 996 $6245$aLa Sardegna$9(OLS)http://semarc/title/144790 996 $6260$aNovara :$bIstituto Geografico De Agostini$9(OLS)http://semarc/publisher/31865 LEADER 01539nam a2200301 i 4500 001 000000104938 003 CaOOAMICUS 005 20210304144419.0 008 090525s2001 it u000 u ita u 013 $a77127 020 $a88-14-08793-8 040 $aSeMil$bita 100 1 $aBelloli, Paola Giulia,$d<1966- >.$0(OLS)http://semarc/name/44298 245 10$aFenomenologia della colpa :$bFreud, Heidegger, Dostoevskij /$cPaola Giulia Belloli ; con un saggio di Amedeo G. Conte. 264 1$aMilano :$bGiuffrè,$c2001. 300 $aXV, 187 p. ;$c24 cm. 490 1 $aStudi di storia della filosofia del diritto / Università di Milano, Facoltà di giurisprudenza, Istituto di filosofia e sociologia del diritto ;$v4 500 $aDono di Don Renato Coronelli 650 4$aColpa - Filosofia.$0(OLS)http://semarc/subject/11833 700 1 $aConte, Amedeo Giovanni,$d<1934- >.$0(OLS)http://semarc/name/28757 830 0$aStudi di storia della filosofia del diritto / Università di Milano, Facoltà di giurisprudenza, Istituto di filosofia e sociologia del diritto ;$v4.$0(OLS)http://semarc/title/9263 850 $aSeMil 852 $aSeMil$W1$xVenegono$y1$m2Q IV 189$j61234$B61234$CSeMilBibl$Z2$F71063 $81 961 $aOmaggio: Coronelli don Renato 996 $6020$a88-14-08793-8$9(OLS)http://semarc/number/84918 996 $6245$aFenomenologia della colpa :$bFreud, Heidegger, Dostoevskij$9(OLS)http://semarc/title/152005 996 $6264$aMilano :$bGiuffrè$9(OLS)http://semarc/publisher/29926